000 006100000a22001810004500
003 MACL
005 20160607140329.0
008 160607b xxu||||| |||| 00| 0 eng d
040 _aMACL
_cMACL
041 _aHindi
082 _a920
100 _aवेंकटरमन, रामस्‍वामी
_962670
245 _aजब मैं राष्‍ट्रपति था
_cरामस्‍वामी वेंकटरमन
260 _bनवोदय सेल्‍स
_c1994
_aदिल्‍ली
350 _a395
650 _aAutobiography
_962671
942 _cHIN
_k920/VAN
_2ddc
999 _c20384
_d20384